00430cam a2200157ua 4500001000400000008003900004040000900043082001200052245005600064250000900120260004200129300002300171653002300194653003000217700002500247511110407n ii |||gr||||Z||||||eng cMAIN a354.94111aGovernment of Great Britain.cBy Jyoti Prasad Suda. a7th. aBombay.:bJay prakash Nath & co.,969. aviii, 320 p.:5 cm. aPolitical science. aGreat Britain Government. aSuda, Jyoti Prasad.,